Mutualité nationale contre la misère (Record no. 154338)

MARC details
000 -LEADER
campo de control de longitud fija 00735nam a22001815i 4500
001 - NÚMERO DE CONTROL
campo de control 154338
003 - IDENTIFICADOR DE NÚMERO DE CONTROL
campo de control ES-MaACL
005 - FECHA Y HORA DE LA ÚLTIMA TRANSACCIÓN
campo de control 20251015063137.0
008 - DATOS DE LONGITUD FIJA--INFORMACIÓN GENERAL
campo de control de longitud fija 021017s1883 fr |||| | fre d
040 ## - FUENTE DE CATALOGACIÓN
Centro catalogador/agencia de origen CCPB | B
Lengua de catalogación spa
Centro/agencia transcriptor CCPB | B
100 1# - ENTRADA PRINCIPAL--NOMBRE DE PERSONA
Nombre de persona Godin, Jean-Baptiste André,
Fechas asociadas al nombre 1817-1888
9 (RLIN) 152546
245 10 - MENCIÓN DEL TÍTULO
Título Mutualité nationale contre la misère
Resto del título : pétition et proposition de loi a la Chambre des députés /
Mención de responsabilidad, etc. par Godin.
260 ## - PUBLICACIÓN, DISTRIBUCIÓN, ETC.
Lugar de publicación, distribución, etc. Paris :
Nombre del editor, distribuidor, etc. Guillaumin & C\pie\s :
-- Auguste Ghio, éditeur,
Fecha de publicación, distribución, etc. 1883.
300 ## - DESCRIPCIÓN FÍSICA
Extensión 127 p. ;
Dimensiones 22 cm.
650 #4 - PUNTO DE ACCESO ADICIONAL DE MATERIA--TÉRMINO DE MATERIA
Término de materia o nombre geográfico como elemento de entrada Beneficencia-
Subdivisión geográfica Francia.
9 (RLIN) 135685
852 ## - LOCALIZACIÓN
Ubicación ES-MaACL
Número de control de estantería T-373-F-9
Nota libre -- Enc. hol., falto de la cub. original
-- -- Enc. varias obras en un vol.
Holdings
Estatus retirado Estado de pérdida Estado de daño No para préstamo Colección Biblioteca de origen Biblioteca actual Ubicación en estantería Fecha de adquisición Total de préstamos Signatura topográfica completa Código de barras Visto por última vez Precio de reemplazo Tipo de ítem Koha
        Colección de folletos Biblioteca del Ateneo de Madrid Biblioteca del Ateneo de Madrid Depósito folletos 17/01/2008   T-373-F-9 1161396 23/02/2023 23/02/2023 Folleto